Guess the 1970s song lyrics #301 - Statistics

General Stats
  • This quiz has been taken 15 times
  • The average score is 183 of 250
Answer Stats
Answer % Correct
a
100%
I
100%
when
100%
you
100%
You
100%
And
90%
for
90%
I'll
90%
it
90%
It
90%
love
90%
to
90%
all
80%
in
80%
is
80%
It's
80%
I've
80%
keep
80%
like
80%
on
80%
picture
80%
So
80%
the
80%
will
80%
with
80%
your
80%
back
70%
camera
70%
come
70%
Done
70%
dream
70%
gonna
70%
know
70%
movie
70%
see
70%
seen
70%
smile
70%
Then
70%
This
70%
true
70%
You're
70%
better
60%
big
60%
good
60%
letter
60%
looks
60%
Peg
60%
they're
60%
up
60%
blue
50%
debut
50%
favorite
50%
foreign
50%
sure
50%
above
40%
lights
40%
name
40%
shot
40%
won't
40%
blueprint
30%
3D
20%
falls
20%
pin
20%
shutter
20%
No matching quizzes found
Score Distribution
Percent of People with Each Score
Percentile by Number Answered
Your Score History
You have not taken this quiz